000 00243nam a2200097Ia 4500
001 1057070
005 20250827001412.0
008 250824s9999 xx 000 0 und d
245 0 _aÇALINAN MEKTUP
_cEDGAR ALLAN POE
260 _bKETEBE YAYINLARI
999 _c1057070
_d1057070